00439 2200181 4500001002100000005001500021008004100036020002200077035001900099041000700118082000800125090001400133100002500147245002500172260003200197300001800229650001000247INLIS00000000002044620241224115907241224||||||||| | ||| |||| || |  a978-602-8179-66-9 0010-1224020446 aid0 a813 a813 SON p0 aSony Ristanta Askari00aPeriuk Dan Tungkunya aJakartabRIZKY GRAFISc2008 a32hlm;17x24cm 0afiksi